| 000 | 00716 a2200205 4500 | ||
|---|---|---|---|
| 010 | _aENG-89878 | ||
| 020 |
_a9788188134847 _c200.00 |
||
| 035 | _aEN-73411 | ||
| 037 | _bDBAD / PUB | ||
| 082 | 1 | 4 | _a305.43097 |
| 090 |
_c11884 _d11884 |
||
| 100 | 1 | _aVarma, Seema | |
| 245 | 1 |
_aRole of women journalist in socio-political field/ _cby Seema Varma |
|
| 260 |
_aNew Delhi _bSatyam Publishing House _c2007 |
||
| 270 |
_aN-3/25, Mohan Garden, _bNew Delhi _cDelhi _e110 059 _k011-25358642 |
||
| 300 |
_av, 39p. _c24 cm ( Hb) |
||
| 500 | _aIncludes bibliographical references | ||
| 942 |
_adpl _cEN _k 305.43097/ VAR |
||
| 999 |
_c11531 _d11531 |
||